000 00195 a2200097 4500
001 52768
100 _aWells, George
245 _aTanrus
260 _aNew York
_bSignet
_c
090 _c33210
_d33210
942 _aNUST-CAE
_c
_c25793
999 _c287841
_d287841